000
00283nam a2200121Ia 4500
008
190216s9999||||xx |||||||||||||| ||und||
100
_a
Fuller
245
0
_a
Intermediate Algebra For Colleges
260
_b
Vannostrand
_c
1963
300
_a
258p
650
_a
Mathematics
942
_c
BK
999
_c
30428
_d
30428